Richest US States A-Z - Statistics

General Stats
  • This quiz has been taken 22 times
  • The average score is 18 of 19
Answer Stats
Letter GDP per capita State % Correct
A 101,742 Alaska
100%
D 110,588 Delaware
100%
F 78,195 Florida
100%
H 86,967 Hawaii
100%
I 94,503 Illinois
100%
O 81,239 Ohio
100%
T 91,594 Texas
100%
U 89,286 Utah
100%
W 111,860 Washington
100%
C 108,012 California
95%
K 81,075 Kansas
95%
L 73,639 Louisiana
95%
P 80,895 Pennsylvania
95%
G 81,823 Georgia
90%
N 123,369 New York
90%
S 86,248 South Dakota
90%
V 89,914 Virginia
90%
M 114,635 Massachusetts
86%
R 75,239 Rhode Island
86%
No matching quizzes found
Score Distribution
Percent of People with Each Score
Percentile by Number Answered
Your Score History
You have not taken this quiz